| 000 | 00512nam a2200145Ia 4500 | ||
|---|---|---|---|
| 008 | 180905s9999 xx 000 0 und d | ||
| 020 | _a9789719809326 | ||
| 100 | _aTorres,Jose Victor. | ||
| 245 |
_cJose Victor Torres.-- _aBatis: _bsources in Philippine history / |
||
| 260 |
_aQuezon city : _bC & E Publishing _c2018 |
||
| 300 |
_aix, 233 pages : _billustrations ; _c22 cm. |
||
| 500 | _aIncludes blibliography and index. | ||
| 650 | _aPhilippines -- History. | ||
| 650 | _aPhilippines -- Politics and government. | ||
| 999 |
_c358568 _d358568 |
||